000 02399 a2200229 4500
001 29276
005 20260407155601.0
008 260407a1979 arg spa d
003 AR-UNSa-BCEJYS
040 _aAR-UNSa-BCEJYS
_bspa
_cAR-UNSa-BCEJYS
080 _a336.2
_xIngresos públicos (Derecho tributario)
245 1 0 _aCurso de finanzas, derecho financiero y tributario
250 _a3a. ed.
264 1 _aBuenos Aires :
_bDepalma
_c1979
300 _a2 v. (408; 273 p.)
_c23 cm.
505 _aVol. I: 1. Ciencia de las finanzas y actividad financiera - 2. Los gastos públicos - 3. Los recursos del Estado - 4. Los tributos. El impuesto - 5. Los tributos (cont.). Las tasas. Las contribuciones especiales. Las contribuciones parafiscales - 6. Derecho financiero y derecho tributario - 7. Interpretación y aplicación de la Ley tributaria - 8. Derecho constitucional tributario - 9. Derecho tributario material - 10. Derecho tributario formal - 11. Derecho penal tributario - 12. Derecho procesal tributario - 13. Derecho Internacional Tributario - 14. Sistema tributario -- Vol. II: 1. Impuesto a al renta - 2. Impuesto a los premios de determinados juegos y concursos - 3. Impuesto al mayor valor (Impuesto sobre los beneficios eventuales) - 4. Impuesto sobre la trasferencia de títulos-valores - 5. Impuesto al patrimonio (impuesto sobre los capitales - impuesto sobre el patrimonio neto) - 6. Impuesto al enriquecimiento patrimonial a título gratuito - 7. Impuesto inmobiliario - 8. Impuesto a la renta normal potencial de la tierra. Impuesto a la producción agropecuaria - 9. Impuesto de sellos. Impuesto de justicia. 10. Impuesto de sellos. Impuesto de justicia - 10. Impuesto al valor agregado - 11. Impuesto al ejercicio de actividades con fines de lucro (Impuesto a los ingresos brutos) - 12. Impuesto para educación técnica - 13. Impuestos aduaneros - 14. Impuestos internos - 15. Impuesto a las inversiones extranjeras - 16. Impuestos recaudados por el sistema de percepción en la fuente - 17. El crédito público - 18. El presupuesto - 19. Política financiera y política fiscal o tributaria
041 _aspa
942 _cBK
590 _aniveau_biblio:m niveau_hierar:0
100 1 _aVillegas, Héctor Belisario
856 4 1 _uhttps://biblioeco.unsa.edu.ar/pmb/images/libros/Curso de Finanzas, Derecho Financiero y Tributario-l53419.jpg
_yImagen de portada
_qimage/jpeg
999 _c1828
_d1828